| Tag |
First Indicator |
Second Indicator |
Subfields |
| LEADER |
00000cam a2200000 a 4500 |
| 001 |
in00001655021 |
| 005 |
20151023094950.0 |
| 008 |
000510s2000 enka b 001 0 eng |
| 010 |
|
|
|a 00040071
|
| 020 |
|
|
|a 0198187149
|
| 035 |
|
|
|a (OCoLC)ocm44014626
|
| 040 |
|
|
|a DLC
|c DLC
|d TXA
|d UtOrBLW
|
| 043 |
|
|
|a e------
|
| 049 |
|
|
|a TXAM
|
| 050 |
0 |
0 |
|a PN1821
|b .P48 2000
|
| 082 |
0 |
0 |
|a 792/.094/0903
|2 21
|
| 100 |
1 |
|
|a Peters, Julie Stone.
|
| 245 |
1 |
0 |
|a Theatre of the book, 1480-1880 :
|b print, text, and performance in Europe /
|c Julie Stone Peters.
|
| 264 |
|
1 |
|a Oxford ;
|a New York :
|b Oxford University Press,
|c 2000.
|
| 300 |
|
|
|a xi, 494 pages :
|b illustrations ;
|c 24 cm.
|
| 336 |
|
|
|a text
|b txt
|2 rdacontent
|
| 337 |
|
|
|a unmediated
|b n
|2 rdamedia
|
| 338 |
|
|
|a volume
|b nc
|2 rdacarrier
|
| 504 |
|
|
|a Includes bibliographical references (pages [444]-485) and index.
|
| 505 |
0 |
|
|a Experimenting on the page, 1480-1630 -- Drama as institution, 1630-1760 -- Illustrations, promptbooks, stage texts, 1760-1880 -- Reinventing "theatre" via the printing press -- Critical law, theatrical licence -- Accurate texts, authoritative editions -- The sense of the senses: sound, gesture, and the body on stage -- Narrative form and theatrical illusions -- Framing space: time, perspective, and motion in the image -- Dramatists, poets, and other scribblers -- Who owns the play? Pirate, plagiarist, imitator, thief -- Making it public -- Scenic pictures --Actor/author -- A theatre too much with us.
|
| 650 |
|
0 |
|a European drama
|x History and criticism.
|
| 650 |
|
0 |
|a Printing
|z Europe
|x History.
|
| 650 |
|
0 |
|a Theater
|z Europe
|x History.
|
| 948 |
|
|
|a cataloged
|b h
|c 2002/2/22
|d c
|e dmitchel
|f 10:38:48 am
|
| 994 |
|
|
|a E0
|b TXA
|
| 999 |
|
|
|a MARS
|
| 999 |
f |
f |
|s 69d290a7-c3ce-3655-a3d3-966c8121c624
|i 5b756822-61da-341d-b31c-b788bc8d4635
|t 0
|
| 952 |
f |
f |
|p normal
|a Texas A&M University
|b College Station
|c Sterling C. Evans Library
|d Evans: Library Stacks
|t 0
|e PN1821 .P48 2000
|h Library of Congress classification
|i unmediated -- volume
|m A14828467875
|
| 998 |
f |
f |
|a PN1821 .P48 2000
|t 0
|l Evans: Library Stacks
|